|
|
|
|
| LEADER |
00000nam0a2200000 4500 |
| 001 |
41491 |
| 005 |
20231031014238.0 |
| 035 |
|
|
|a (RuTPU)RU\TPU\book\42601
|
| 090 |
|
|
|a 41491
|
| 100 |
|
|
|a 20020621d1980 m y0rusy50 ca
|
| 101 |
0 |
|
|a rus
|
| 102 |
|
|
|a RU
|
| 105 |
|
|
|a a j 000zy
|
| 200 |
1 |
|
|a Гидравлика
|e учебник для сельскохозяйственных техникумов
|f Н. Н. Кременецкий, Д. В. Штеренлихт, В. М. Алышев, Л. В. Яковлева
|
| 205 |
|
|
|a 3-е изд., перераб.
|
| 210 |
|
|
|a Москва
|c Энергия
|d 1980
|
| 215 |
|
|
|a 384 с.
|c ил.
|
| 300 |
|
|
|a Авт. указ. на обороте. тит. л.
|
| 610 |
1 |
|
|a физика
|
| 610 |
1 |
|
|a гидравлика
|
| 610 |
1 |
|
|a давление
|
| 610 |
1 |
|
|a жидкости
|
| 610 |
1 |
|
|a гидравлические сопротивления
|
| 610 |
1 |
|
|a трубопроводы
|
| 610 |
1 |
|
|a открытые русла
|
| 610 |
1 |
|
|a движение
|
| 610 |
1 |
|
|a водосливы
|
| 610 |
1 |
|
|a гидравлический прыжок
|
| 610 |
1 |
|
|a гидротехнические сооружения
|
| 610 |
1 |
|
|a гидравлический расчет
|
| 610 |
1 |
|
|a грунтовые воды
|
| 610 |
1 |
|
|a учебники
|
| 675 |
|
|
|a 532(075.8)
|v 3
|
| 701 |
|
1 |
|a Кременецкий
|b Н. Н.
|g Николай Николаевич
|
| 701 |
|
1 |
|a Штеренлихт
|b Д. В.
|g Давид Вениаминович
|
| 701 |
|
1 |
|a Алышев
|b В. М.
|g Владимир Михайлович
|
| 701 |
|
1 |
|a Яковлева
|b Л. В.
|g Людмила Викторовна
|
| 801 |
|
1 |
|a RU
|b 63413507
|c 20020621
|g PSBO
|
| 801 |
|
2 |
|a RU
|b 63413507
|c 20160316
|g PSBO
|
| 900 |
|
|
|a Основы гидравлики, гидрологии и гидрометрии
|
| 900 |
|
|
|a Гидравлика
|
| 942 |
|
|
|c BK
|